| 000 | 00448nam a2200169Ia 4500 | ||
|---|---|---|---|
| 008 | 210707s1980 xx 000 0 und d | ||
| 041 | _aeng | ||
| 082 | _a303.4 MADT | ||
| 100 | _aMADAN (G R) | ||
| 245 | _aTheoretical sociology. (some essays) social change and modern society. Vol III. | ||
| 260 |
_aDelhi. _bAtma Ram & Sons., _c1980 |
||
| 300 | _axii,212,x p | ||
| 365 |
_b25 _cINR |
||
| 440 | _v3 | ||
| 563 | _aHB | ||
| 650 | _aSocial Change | ||
| 999 |
_c180230 _d180230 |
||